Manokāmanā. (Record no. 80018)

MARC details
000 -LEADER
fixed length control field 00615cam a22002291 4500
001 - CONTROL NUMBER
control field sa 68004169
003 - CONTROL NUMBER IDENTIFIER
control field DLC
005 - DATE AND TIME OF LATEST TRANSACTION
control field 20260227112459.0
008 - FIXED-LENGTH DATA ELEMENTS--GENERAL INFORMATION
fixed length control field 890207s1963 ii 000 1 hin
010 ## - LIBRARY OF CONGRESS CONTROL NUMBER
LC control number sa 68004169
035 ## - SYSTEM CONTROL NUMBER
System control number (OCoLC)19111534
040 ## - CATALOGING SOURCE
Original cataloging agency DLC
Transcribing agency NRU
Modifying agency DLC
042 ## - AUTHENTICATION CODE
Authentication code premarc
050 00 - LIBRARY OF CONGRESS CALL NUMBER
Classification number PK2098.S548
Item number M3
100 1# - MAIN ENTRY--PERSONAL NAME
Personal name Singh,
Dates associated with a name Rajendra,
-- 1914-
245 10 - TITLE STATEMENT
Title Manokāmanā.
Statement of responsibility, etc. Lekhaka Rājendrasiṃha.
260 ## - PUBLICATION, DISTRIBUTION, ETC.
Place of publication, distribution, etc. Naī Dillī,
Name of publisher, distributor, etc. Ārmī Ejucaśanala storja,
Date of publication, distribution, etc. [1963?]
300 ## - PHYSICAL DESCRIPTION
Extent 287 p.
Dimensions 19 cm.
500 ## - GENERAL NOTE
General note "Tratīya saṃskaraṇa."
500 ## - GENERAL NOTE
General note In Hindi.
500 ## - GENERAL NOTE
General note A novel.

No items available.

Powered by Koha